Bars de Lannion - Statistiques

Statistiques générales
  • Ce quiz a été pris 29 fois
  • Le résultat moyen est 6 sur 16
Statistiques - réponses
Réponse % Correct
le Barn's
83%
le Chapelier
67%
le Diplomate
67%
QG bar
67%
le Flambard
50%
le Truc café
50%
le Vincennes
50%
les Valseuses
25%
la Cascade
21%
l'Aiguillon
21%
V&B
21%
le Comptoir
13%
pub Caverne
13%
le Saint Marc
8%
l'Excellent
8%
The Breizh Shelter
8%
Aucun quiz correspondant
Distribution des résultats
% des personnes avec chaque résultat
Percentile par nombre de réponses
Votre historique - résultats
Vous n’avez pas pris ce quiz